000 00707nam a22001577a 4500
003 OSt
005 20150926170623.0
008 150926b xxu||||| |||| 00| 0 eng d
040 _cRUA
082 _aAGR KEO 2013 B057 Or.1
100 _91396
_aKEO, KUNTHEA.
245 _aEffect of storage and temperature on quality of phka chan sen sar riangchey and car6, ឥទ្ធិពលរយៈពេលស្តុកទុក និងសីតុណ្ហភាពលើគុណភាពអង្ករនៃពូជផ្កាច័ន្ទសែនសរពូជរាំងជ័យ និងពូជខា៦
260 _aPhnom Penh
_bRUA
_c2013
300 _axi; 47p.
_bill.
_c29cm.
942 _2ddc
_cAGR
999 _c1310
_d1310